000 00521nam a22001937a 4500
005 20251108173509.0
008 250721s2002 xx 000 0 eng d
020 _a399234357
082 1 4 _aJ/F/HUB
100 1 _ahubbard, woodligh marx
_eمؤلف
245 1 0 _aWhoa Jealousy /
264 1 _anew york :
_bg. p; putnam,s sons,
_c2002.
300 _a30p.
650 1 7 _aFICTION
653 _aمرحلة متوسطة (6-9 سنوات)
700 1 _amadeline, houston
_eمؤلف
942 _2ddc
_cBK
999 _c105322
_d105322